[Event "CRO-chT (Women)"]
[Site "Pula"]
[Date "2000.09.11"]
[Round "1"]
[White "Puljek Salai, Zorica"]
[Black "Saric, Kristina"]
[Result "1-0"]
[WhiteElo "2271"]
[BlackElo "2177"]
[PlyCount "135"]
[EventDate "2000.09.??"]
[EventType "team"]
[EventRounds "9"]
[EventCountry "CRO"]
[SourceTitle "CBM 078 Extra"]
[Source "ChessBase"]
[SourceDate "2000.11.10"]
[SourceVersion "1"]
[SourceVersionDate "2000.11.10"]
[SourceQuality "1"]

1. e4 c5 2. Nf3 e6 3. d3 Nc6 4. g3 Nge7 5. Be3 d6 6. Bg2 g6 7. Qd2 Bg7 8. c3 0-0 9. Bh6 e5 10. h4 f6 11. Be3 h5 12. Na3 a6 13. 0-0 Qc7 14. d4 Nd8 15. d5 Nf7 16. c4 Bd7 17. b4 b6 18. Rab1 Kh7 19. Rb2 Bh6 20. Rfb1 Bxe3 21. Qxe3 Rab8 22. Ne1 Nh6 23. Nd3 Ng4 24. Qd2 f5 25. bxc5 bxc5 26. f3 Rxb2 27. Qxb2 fxe4 28. fxe4 Qc8 29. Qb7 Kg7 30. Qxc8 Bxc8 31. Rb6 Rf6 32. Ne1 Nf2 33. Rb3 Bg4 34. Rb7 Kf8 35. Rb6 Bc8 36. Nb1 Ke8 37. Bf3 Ng4 38. Nd2 Kd8 39. Nd3 Kc7 40. Rb1 Ne3 41. Kf2 Nc2 42. Ne1 Nxe1 43. Kxe1 Ng8 44. a4 Rf8 45. a5 Nh6 46. Rb6 Nf7 47. Bd1 Nh6 48. Rc6+ Kd7 49. Ba4 Ke7 50. Rc7+ Kf6 51. Nf3 Nf7 52. Ra7 g5 53. hxg5+ Nxg5 54. Nxg5 Kxg5 55. Ra8 Kg4 56. Rxc8 Rxc8 57. Bd7+ Kxg3 58. Bxc8 h4 59. Kf1 Kf3 60. Kg1 Kxe4 61. Bxa6 Kd3 62. Bc8 e4 63. a6 e3 64. Bg4 e2 65. Bxe2+ Kxe2 66. a7 Kd3 67. a8Q Kxc4 68. Qc6 1-0

[Event "CRO-Cup (Women)"]
[Site "Pula"]
[Date "1999.05.24"]
[Round "1"]
[White "Puljek Salai, Zorica"]
[Black "Medic, Mirjana"]
[Result "1-0"]
[WhiteElo "2275"]
[BlackElo "2327"]
[PlyCount "63"]
[EventDate "1999.05.??"]
[EventType "team"]
[EventRounds "5"]
[EventCountry "CRO"]
[SourceTitle "CBM 070 Extra"]
[Source "ChessBase"]
[SourceDate "1999.07.10"]
[SourceVersion "1"]
[SourceVersionDate "1999.07.10"]
[SourceQuality "1"]

1. e4 e6 2. d4 d5 3. Nd2 c5 4. exd5 exd5 5. Ngf3 Nc6 6. Bb5 cxd4 7. Nxd4 Bd7 8. N2f3 Bd6 9. 0-0 Nge7 10. Re1 0-0 11. c3 Ng6 12. Nxc6 bxc6 13. Bd3 Qc7 14. h3 Rfe8 15. Be3 Rab8 16. b3 Nf4 17. Bc2 g6 18. Qd2 Rbd8 19. Bd4 c5 20. Bf6 Rc8 21. Rxe8+ Rxe8 22. Re1 Rxe1+ 23. Qxe1 Ne6 24. Ne5 Bc8 25. Ng4 d4 26. cxd4 cxd4 27. Bd3 Qc6 28. Be4 Qb5 29. g3 Bb7 30. Bxb7 Qxb7 31. Qc1 h5 32. Qh6 1-0

[Event "Olympiad Women-33"]
[Site "Elista"]
[Date "1998.10.09"]
[Round "10"]
[White "Berzina, Ilze"]
[Black "Puljek Salai, Zorica"]
[Result "1-0"]
[WhiteElo "2100"]
[BlackElo "2235"]
[PlyCount "73"]
[EventDate "1998.09.29"]
[EventType "team-swiss"]
[EventRounds "13"]
[EventCountry "RUS"]
[SourceTitle "CBM 066 Extra"]
[Source "ChessBase"]
[SourceDate "1998.11.06"]
[SourceVersion "1"]
[SourceVersionDate "1998.11.06"]
[SourceQuality "1"]

1. e4 e5 2. Nf3 Nf6 3. Nxe5 d6 4. Nc4 Nxe4 5. Nc3 Nxc3 6. bxc3 Nc6 7. d4 d5 8. Ne3 Be7 9. Bd3 0-0 10. Qh5 g6 11. Qxd5 Bd6 12. 0-0 Qf6 13. f4 Ne7 14. Qf3 c5 15. Bb2 Rb8 16. a4 Nf5 17. Nc4 cxd4 18. Nxd6 dxc3 19. Ba3 Nxd6 20. f5 Rd8 21. fxg6 Qd4+ 22. Kh1 fxg6 23. Rad1 Bg4 24. Bxg6 Qxd1 25. Bf7+ Kf8 26. Qf6 Qxf1+ 27. Qxf1 Kg7 28. Bd5 Nf5 29. Qd3 Ne3 30. Qxc3+ Kg6 31. Qxe3 Rxd5 32. Qe4+ Rf5 33. Qxg4+ Rg5 34. Qe6+ Kh5 35. g4+ Kh4 36. Be7 Rbg8 37. Qxg8 1-0

[Event "Olympiad Women-33"]
[Site "Elista"]
[Date "1998.10.02"]
[Round "4"]
[White "Puljek Salai, Zorica"]
[Black "Sedina, Elena"]
[Result "0-1"]
[WhiteElo "2235"]
[BlackElo "2410"]
[PlyCount "74"]
[EventDate "1998.09.29"]
[EventType "team-swiss"]
[EventRounds "13"]
[EventCountry "RUS"]
[SourceTitle "CBM 066 Extra"]
[Source "ChessBase"]
[SourceDate "1998.11.06"]
[SourceVersion "1"]
[SourceVersionDate "1998.11.06"]
[SourceQuality "1"]

1. e4 e6 2. d4 d5 3. Nd2 Nc6 4. Ngf3 Nf6 5. e5 Nd7 6. Be2 b6 7. Nf1 Bb7 8. Ng3 Qe7 9. 0-0 0-0-0 10. c3 f6 11. exf6 gxf6 12. Re1 Qf7 13. Bb5 Bd6 14. b4 h5 15. Qa4 Ndb8 16. Nh4 Rdg8 17. Bd3 Nd7 18. Bb5 Ncb8 19. Qxa7 Rg4 20. Nf3 h4 21. Nf1 Qg6 22. Ne3 Rxg2+ 23. Nxg2 h3 24. Kf1 hxg2+ 25. Ke2 Rh3 26. Ng1 Rxc3 27. Bd2 Qe4+ 28. Kd1 Qc2+ 29. Ke2 Bxb4 30. Qa4 Qxa4 31. Bxa4 Ba6+ 32. Kd1 Rd3 33. Nf3 Rxf3 34. Bxb4 Bf1 35. Kc2 Rxf2+ 36. Kc3 g1Q 37. Bb5 Rf3+ 0-1

[Event "CRO-chT"]
[Site "Porec"]
[Date "1998.09.14"]
[Round "8"]
[White "Puljek Salai, Zorica"]
[Black "Poljak, Srebrenka"]
[Result "1-0"]
[WhiteElo "2235"]
[BlackElo "2040"]
[PlyCount "126"]
[EventDate "1998.09.??"]
[EventType "team"]
[EventRounds "9"]
[EventCountry "CRO"]
[SourceTitle "EXT 1999"]
[Source "ChessBase"]
[SourceDate "1998.11.16"]
[SourceVersion "1"]
[SourceVersionDate "1998.11.16"]
[SourceQuality "1"]

1. e4 c5 2. Nf3 e6 3. d4 cxd4 4. Nxd4 Nf6 5. Nc3 d6 6. Be2 Be7 7. 0-0 0-0 8. Kh1 a6 9. f4 Qc7 10. g4 Nc6 11. g5 Nxd4 12. Qxd4 Nd7 13. f5 Qc5 14. Qd2 b5 15. f6 Bd8 16. fxg7 Kxg7 17. g6 fxg6 18. Qh6+ Kg8 19. Be3 Qe5 20. Bf4 Qg7 21. Qxg7+ Kxg7 22. Bxd6 Rxf1+ 23. Rxf1 Bf6 24. Bg4 Ne5 25. Bh3 Nc4 26. Bg2 Ra7 27. Bb8 Rd7 28. e5 Bxe5 29. Bxe5+ Nxe5 30. Re1 Nc4 31. b3 Na3 32. Be4 Rc7 33. Ne2 e5 34. Ng3 Kf6 35. Bd3 Bb7+ 36. Kg1 Ke6 37. Ne4 h6 38. Nf2 g5 39. Ng4 e4 40. Nxh6 Nxc2 41. Re2 Nd4 42. Re3 Rh7 43. Ng4 Kf5 44. Rxe4 Nf3+ 45. Kf2 Rd7 46. Rd4+ Ke6 47. Bf5+ Kxf5 48. Rxd7 Bc8 49. Ne3+ Ke4 50. Rc7 Bh3 51. Re7+ Ne5 52. Nc2 Bc8 53. Nb4 Kd4 54. Rc7 Bf5 55. Nxa6 Bb1 56. Nb4 Ng4+ 57. Kg3 Ne3 58. Rc1 Bf5 59. Nc6+ Kd3 60. Rc5 Nf1+ 61. Kf2 Ne3 62. Rxb5 Nd1+ 63. Kg3 Nc3 1-0

[Event "CRO-chT"]
[Site "Porec"]
[Date "1998.09.12"]
[Round "6"]
[White "Puljek Salai, Zorica"]
[Black "Boric, Elena"]
[Result "1-0"]
[WhiteElo "2235"]
[BlackElo "2220"]
[PlyCount "85"]
[EventDate "1998.09.??"]
[EventType "team"]
[EventRounds "9"]
[EventCountry "CRO"]
[SourceTitle "EXT 1999"]
[Source "ChessBase"]
[SourceDate "1998.11.16"]
[SourceVersion "1"]
[SourceVersionDate "1998.11.16"]
[SourceQuality "1"]

1. e4 e6 2. d4 d5 3. Nd2 c5 4. exd5 Qxd5 5. Ngf3 cxd4 6. Bc4 Qd6 7. 0-0 Nf6 8. Nb3 Nc6 9. Nbxd4 Nxd4 10. Nxd4 a6 11. Bb3 Qc7 12. Re1 Bd6 13. Nf5 Bxh2+ 14. Kh1 0-0 15. Nxg7 Rd8 16. Qf3 Kxg7 17. Bh6+ Kg6 18. c3 Be5 19. Qe3 Ne4 20. Bc2 f5 21. Bxe4 fxe4 22. Qg5+ Kf7 23. Rxe4 Rd5 24. Qh5+ Ke7 25. c4 Bxb2 26. cxd5 Bxa1 27. dxe6 Bxe6 28. Bg5+ Kd7 29. Qd1+ Qd6 30. Qxa1 Rg8 31. Bf4 Qc6 32. Qe5 Rg6 33. Rd4+ Ke8 34. Bg5 Kf7 35. Rd8 Qc4 36. Qe3 Qg4 37. f4 h6 38. Qc3 Bd7 39. Qc7 Qd1+ 40. Kh2 Qh5+ 41. Kg3 Qg4+ 42. Kf2 hxg5 43. Rxd7+ 1-0

[Event "CRO-ch (Women)"]
[Site "Pula"]
[Date "1998.01.18"]
[Round "8"]
[White "Medic, Mirjana"]
[Black "Puljek Salai, Zorica"]
[Result "1-0"]
[WhiteElo "2275"]
[BlackElo "2195"]
[PlyCount "87"]
[EventDate "1998.01.10"]
[EventType "tourn"]
[EventRounds "9"]
[EventCountry "CRO"]
[SourceTitle "CBM 063 Extra"]
[Source "ChessBase"]
[SourceDate "1998.04.29"]
[SourceVersion "1"]
[SourceVersionDate "1998.04.29"]
[SourceQuality "1"]

1. d4 d5 2. c4 e6 3. Nc3 Be7 4. Nf3 Nf6 5. Bg5 0-0 6. e3 Nbd7 7. Rc1 c6 8. Bd3 Re8 9. 0-0 a6 10. e4 dxe4 11. Bxe4 c5 12. Bb1 cxd4 13. Nxd4 Nf8 14. Be3 Bd7 15. Qe2 Rc8 16. Ne4 Qc7 17. Nxf6+ Bxf6 18. Rfd1 g6 19. b4 e5 20. Nb3 Ne6 21. Qf3 Bg7 22. b5 Rcd8 23. Be4 Bc8 24. b6 Qe7 25. Bd5 Rd7 26. c5 Red8 27. c6 bxc6 28. Bxc6 Rxd1+ 29. Rxd1 Nd4 30. Nxd4 exd4 31. Bf4 d3 32. h3 Qb4 33. b7 Bxb7 34. Bxb7 d2 35. Bd5 Rxd5 36. Qxd5 Qxf4 37. Qxd2 Qa4 38. Qd5 Bf6 39. g3 Kg7 40. Kg2 Qc2 41. Rd2 Qc1 42. Rd3 h5 43. Rb3 Qe1 44. Rb7 1-0

[Event "CRO-ch (Women)"]
[Site "Pula"]
[Date "1998.01.17"]
[Round "7"]
[White "Puljek Salai, Zorica"]
[Black "Belamaric, Tanja"]
[Result "1-0"]
[WhiteElo "2195"]
[BlackElo "2220"]
[PlyCount "99"]
[EventDate "1998.01.10"]
[EventType "tourn"]
[EventRounds "9"]
[EventCountry "CRO"]
[SourceTitle "CBM 063 Extra"]
[Source "ChessBase"]
[SourceDate "1998.04.29"]
[SourceVersion "1"]
[SourceVersionDate "1998.04.29"]
[SourceQuality "1"]

1. e4 c5 2. Nf3 d6 3. d4 cxd4 4. Nxd4 Nf6 5. Nc3 a6 6. Be2 e5 7. Nb3 Be6 8. 0-0 Be7 9. f4 Qc7 10. Kh1 Nbd7 11. f5 Bc4 12. Be3 b5 13. Bxc4 Qxc4 14. Nd2 Qc6 15. a3 0-0 16. g4 d5 17. exd5 Nxd5 18. Qf3 e4 19. Qxe4 N7f6 20. Qf3 Rfc8 21. Nxd5 Qxd5 22. g5 Qxf3+ 23. Rxf3 Nd5 24. f6 Bf8 25. c3 Re8 26. Bd4 g6 27. Rf2 Nc7 28. Nf3 Ne6 29. Rd1 Rac8 30. Rfd2 Bd6 31. Be3 Bc5 32. Bxc5 Nxc5 33. Rd6 a5 34. Rb6 Rb8 35. Rxb8 Rxb8 36. Rd5 Na4 37. Ne5 Nxb2 38. Rd7 Rf8 39. Rb7 Na4 40. Rxb5 Nxc3 41. Rxa5 Ne4 42. Ng4 Rc8 43. h4 Kf8 44. Ra7 Ng3+ 45. Kh2 Nf5 46. Ne5 h5 47. Rxf7+ Kg8 48. Ra7 Nxh4 49. Rg7+ Kf8 50. Nd7+ 1-0

[Event "CRO-ch (Women)"]
[Site "Pula"]
[Date "1998.01.13"]
[Round "4"]
[White "Dokmanovic, Nina"]
[Black "Puljek Salai, Zorica"]
[Result "0-1"]
[WhiteElo "2100"]
[BlackElo "2195"]
[PlyCount "76"]
[EventDate "1998.01.10"]
[EventType "tourn"]
[EventRounds "9"]
[EventCountry "CRO"]
[SourceTitle "CBM 063 Extra"]
[Source "ChessBase"]
[SourceDate "1998.04.29"]
[SourceVersion "1"]
[SourceVersionDate "1998.04.29"]
[SourceQuality "1"]

1. e4 c5 2. Nc3 Nc6 3. f4 d6 4. Nf3 g6 5. g3 Bg7 6. Bg2 Rb8 7. 0-0 b5 8. d3 b4 9. Ne2 e5 10. fxe5 dxe5 11. a3 a5 12. axb4 axb4 13. Be3 Qd6 14. Nd2 Nf6 15. Nc4 Qe7 16. h3 0-0 17. Qe1 Nd4 18. Qf2 Nd7 19. Nxd4 cxd4 20. Bd2 Nc5 21. b3 Be6 22. Ra5 Rfc8 23. Qe1 Nd7 24. Ra4 Bf8 25. Qa1 Qd8 26. Qa2 Ra8 27. Ra1 Rxa4 28. Qxa4 Nb6 29. Qb5 Nxc4 30. bxc4 Bxc4 31. dxc4 d3 32. Be3 dxc2 33. Bf3 Qd3 34. Kf2 b3 35. Ra7 Qxc4 36. Qxc4 Rxc4 37. Bc1 Bc5+ 38. Ke2 Bxa7 0-1

[Event "CRO-ch (Women)"]
[Site "Pula"]
[Date "1998.01.12"]
[Round "3"]
[White "Puljek Salai, Zorica"]
[Black "Macek, Vlasta"]
[Result "1-0"]
[WhiteElo "2195"]
[BlackElo "2255"]
[PlyCount "83"]
[EventDate "1998.01.10"]
[EventType "tourn"]
[EventRounds "9"]
[EventCountry "CRO"]
[SourceTitle "CBM 063 Extra"]
[Source "ChessBase"]
[SourceDate "1998.04.29"]
[SourceVersion "1"]
[SourceVersionDate "1998.04.29"]
[SourceQuality "1"]

1. e4 e6 2. d4 d5 3. Nd2 Nf6 4. e5 Nfd7 5. Bd3 c5 6. c3 Nc6 7. Ne2 cxd4 8. cxd4 a5 9. 0-0 a4 10. a3 Nb6 11. Bc2 Bd7 12. Nf3 Be7 13. Nc3 Ra5 14. Re1 h6 15. Rb1 Ra8 16. Be3 Ra5 17. Nxa4 Nxa4 18. Bxa4 Nxe5 19. Nxe5 Rxa4 20. Qh5 Rf8 21. Rbc1 Ra8 22. Rc3 Rc8 23. Rec1 Rxc3 24. Rxc3 Qb6 25. Qd1 Bd6 26. Nd3 Qd8 27. Bf4 Bxf4 28. Nxf4 Qf6 29. Nh5 Qh4 30. Nxg7+ Ke7 31. Re3 Qg5 32. Rg3 Qf4 33. Nh5 Qf5 34. Ng7 Qh7 35. h3 Rc8 36. Qe1 Rc4 37. Rg4 Qc2 38. Kh2 Qxb2 39. Nf5+ Kf8 40. Nxh6 Qc1 41. Rg8+ Ke7 42. Nf5+ 1-0

[Event "CRO-ch (Women)"]
[Site "Pula"]
[Date "1998.01.11"]
[Round "2"]
[White "Rosandic, Albina"]
[Black "Puljek Salai, Zorica"]
[Result "0-1"]
[WhiteElo "2175"]
[BlackElo "2195"]
[PlyCount "70"]
[EventDate "1998.01.10"]
[EventType "tourn"]
[EventRounds "9"]
[EventCountry "CRO"]
[SourceTitle "CBM 063 Extra"]
[Source "ChessBase"]
[SourceDate "1998.04.29"]
[SourceVersion "1"]
[SourceVersionDate "1998.04.29"]
[SourceQuality "1"]

1. e4 c5 2. Nf3 Nc6 3. d4 cxd4 4. Nxd4 Qb6 5. Nb3 Nf6 6. Nc3 e6 7. Be3 Qc7 8. f3 a6 9. Qd2 b5 10. Be2 d6 11. 0-0 Ne5 12. Nd4 Nc4 13. Bxc4 bxc4 14. a4 Rb8 15. Rab1 Be7 16. Rfc1 0-0 17. b4 d5 18. exd5 Bxb4 19. dxe6 fxe6 20. Rxb4 Rxb4 21. Ncb5 c3 22. Qxc3 Qxc3 23. Nxc3 Rc4 24. Nce2 Rxa4 25. c4 Bd7 26. c5 e5 27. Nb3 Ra3 28. Rb1 Rb8 29. Nec1 Nd5 30. Bf2 Ba4 31. c6 Rbxb3 32. Nxb3 Rxb3 33. Rc1 Bxc6 34. Bg3 Nb4 35. Bxe5 Nd3 0-1

[Event "Dresden zt (Women)"]
[Site "Dresden"]
[Date "1998.??.??"]
[Round "5"]
[White "Delemarre, Isabel"]
[Black "Puljek Salai, Zorica"]
[Result "0-1"]
[WhiteElo "2215"]
[BlackElo "2195"]
[PlyCount "50"]
[EventDate "1998.04.28"]
[EventType "swiss"]
[EventRounds "11"]
[EventCountry "GER"]
[SourceTitle "CBM 064 Extra"]
[Source "ChessBase"]
[SourceDate "1998.07.07"]
[SourceVersion "1"]
[SourceVersionDate "1998.07.07"]
[SourceQuality "1"]

1. e4 e5 2. Nf3 Nc6 3. Bc4 Bc5 4. d3 Nf6 5. 0-0 d6 6. c3 a6 7. Bb3 0-0 8. Nbd2 Ba7 9. Re1 Ng4 10. Re2 Kh8 11. h3 Nh6 12. Nf1 f5 13. N1h2 f4 14. d4 Qf6 15. dxe5 dxe5 16. Bd2 g5 17. Ba4 g4 18. hxg4 Nxg4 19. Bxc6 bxc6 20. c4 Nxh2 21. Nxh2 Rg8 22. Kh1 f3 23. Nxf3 Bg4 24. Qb3 Raf8 25. Rc1 Qg6 0-1

[Event "Dresden zt (Women)"]
[Site "Dresden"]
[Date "1998.??.??"]
[Round "7"]
[White "Lutz, Anke"]
[Black "Puljek Salai, Zorica"]
[Result "1-0"]
[WhiteElo "2205"]
[BlackElo "2195"]
[PlyCount "35"]
[EventDate "1998.04.28"]
[EventType "swiss"]
[EventRounds "11"]
[EventCountry "GER"]
[SourceTitle "CBM 064 Extra"]
[Source "ChessBase"]
[SourceDate "1998.07.07"]
[SourceVersion "1"]
[SourceVersionDate "1998.07.07"]
[SourceQuality "1"]

1. e4 e5 2. Nf3 Nc6 3. Bb5 a6 4. Ba4 Nf6 5. 0-0 b5 6. Bb3 Bc5 7. d3 0-0 8. Bg5 h6 9. Bh4 g5 10. Bg3 d6 11. c3 Bb6 12. Nbd2 Re8 13. a4 Rb8 14. axb5 axb5 15. Qc2 Nh5 16. d4 exd4 17. e5 Nxg3 18. Qg6+ 1-0

[Event "Kastel Stari op"]
[Site "Kastel Stari"]
[Date "1997.??.??"]
[Round "8"]
[White "Bilobrk, Franjo"]
[Black "Puljek Salai, Zorica"]
[Result "1-0"]
[WhiteElo "2370"]
[BlackElo "2200"]
[PlyCount "81"]
[EventDate "1997.04.11"]
[EventType "swiss"]
[EventRounds "9"]
[EventCountry "CRO"]
[SourceTitle "EXT 1999"]
[Source "ChessBase"]
[SourceDate "1998.11.16"]
[SourceVersion "1"]
[SourceVersionDate "1998.11.16"]
[SourceQuality "1"]

1. d4 d5 2. c4 e6 3. Nc3 Be7 4. Nf3 Nf6 5. Bg5 0-0 6. e3 Nbd7 7. cxd5 exd5 8. Qc2 c6 9. Bd3 Re8 10. 0-0 h6 11. Bh4 Ne4 12. Bxe7 Qxe7 13. Bxe4 dxe4 14. Nd2 f5 15. Rae1 Nf6 16. f3 exf3 17. Nxf3 Ne4 18. Ne5 Be6 19. Nxe4 fxe4 20. a3 Bd5 21. Rf5 Qe6 22. Ref1 Rf8 23. Rxf8+ Rxf8 24. Rxf8+ Kxf8 25. Qc5+ Kg8 26. Qxa7 Qe7 27. Qa5 Qg5 28. Qe1 Be6 29. Qg3 Qh5 30. Qe1 c5 31. Qd2 Qg5 32. Kh1 h5 33. Qc3 h4 34. dxc5 h3 35. gxh3 Qh4 36. Qd2 Bxh3 37. Ng6 Qf6 38. Nf4 Bf5 39. Qd4 Kh7 40. Qxf6 gxf6 41. Kg2 1-0

[Event "EU-chT (Women) 2nd"]
[Site "Pula"]
[Date "1997.??.??"]
[Round "7"]
[White "Puljek Salai, Zorica"]
[Black "Boric, Elena"]
[Result "0-1"]
[WhiteElo "2200"]
[BlackElo "2205"]
[PlyCount "76"]
[EventDate "1997.05.05"]
[EventType "team-swiss"]
[EventRounds "9"]
[EventCountry "CRO"]
[SourceTitle "EXT 2020"]
[Source "ChessBase"]
[SourceDate "2019.10.17"]
[SourceVersion "1"]
[SourceVersionDate "2019.10.17"]
[SourceQuality "1"]
[WhiteTeam "Croatia (W)"]
[BlackTeam "Bosnia&Herzegovina (W)"]
[WhiteTeamCountry "CRO"]
[BlackTeamCountry "BIH"]

1. e4 c5 2. Nf3 e6 3. d4 cxd4 4. Nxd4 a6 5. Bd3 Qc7 6. 0-0 Nc6 7. Nxc6 dxc6 8. a4 Nf6 9. Be3 e5 10. a5 Bb4 11. Bb6 Qe7 12. c3 Bc5 13. Bxc5 Qxc5 14. Nd2 Be6 15. Qc2 Rd8 16. Be2 0-0 17. b4 Qe7 18. Rfd1 h6 19. Nf3 Bg4 20. Ne1 Bxe2 21. Qxe2 c5 22. Nd3 cxb4 23. cxb4 Rd4 24. f3 Rfd8 25. Rab1 Nh5 26. g3 Qg5 27. Kf2 R8d6 28. Rd2 Qd8 29. Rbd1 b6 30. axb6 Qxb6 31. Kf1 Qb5 32. Ke1 Nf6 33. Nc5 Qxb4 34. Nxa6 Qc3 35. Nb8 Rd3 36. f4 Re3 37. fxe5 Rxd2 38. Rxd2 Rxe4 0-1

[Event "CRO-chT2"]
[Site "Medulin"]
[Date "1997.??.??"]
[Round "?"]
[White "Puljek Salai, Zorica"]
[Black "Grosar, Kiti"]
[Result "0-1"]
[WhiteElo "2200"]
[BlackElo "2225"]
[PlyCount "90"]
[EventDate "1997.??.??"]
[EventType "team"]
[EventRounds "9"]
[EventCountry "CRO"]
[SourceTitle "EXT 1999"]
[Source "ChessBase"]
[SourceDate "1998.11.16"]
[SourceVersion "1"]
[SourceVersionDate "1998.11.16"]
[SourceQuality "1"]

1. e4 c5 2. Nf3 d6 3. c3 Nf6 4. Bb5+ Bd7 5. Bxd7+ Qxd7 6. d3 e6 7. 0-0 Nc6 8. Re1 Be7 9. Nbd2 Rc8 10. Nf1 0-0 11. Ng3 Rfd8 12. h3 Ne5 13. Nh2 c4 14. dxc4 Rxc4 15. f4 Ng6 16. Ng4 Qc6 17. Ne3 Ra4 18. Nc2 Nxe4 19. Nd4 Rxd4 20. Qxd4 Nxg3 21. Kh2 Nh4 22. Qf2 Nhf5 23. Qxa7 b6 24. Qa6 Bh4 25. Be3 Nxe3 26. Rxe3 Nf5 27. Rf3 Bf6 28. a4 Ra8 29. Qf1 Rxa4 30. Rxa4 Qxa4 31. Qf2 Qc6 32. Rd3 d5 33. Rd1 Bh4 34. Qf3 Bg3+ 35. Kh1 Qc4 36. Ra1 g6 37. Qd1 Qxf4 38. Ra4 Qe3 39. Ra3 Be1 40. c4 Ng3+ 41. Kh2 Nf1+ 42. Kh1 Qf4 43. Kg1 Qf2+ 44. Kh1 Ng3+ 45. Kh2 Ne2 0-1

[Event "CRO-chT2"]
[Site "Medulin"]
[Date "1997.??.??"]
[Round "?"]
[White "Puljek Salai, Zorica"]
[Black "Svaljek, Radmila"]
[Result "1-0"]
[WhiteElo "2200"]
[BlackElo "2140"]
[PlyCount "49"]
[EventDate "1997.??.??"]
[EventType "team"]
[EventRounds "9"]
[EventCountry "CRO"]
[SourceTitle "EXT 1999"]
[Source "ChessBase"]
[SourceDate "1998.11.16"]
[SourceVersion "1"]
[SourceVersionDate "1998.11.16"]
[SourceQuality "1"]

1. e4 e6 2. d4 d5 3. Nd2 c5 4. Ngf3 Nc6 5. exd5 Qxd5 6. Bc4 Qd8 7. Nb3 cxd4 8. Nfxd4 Nxd4 9. Nxd4 Qa5+ 10. c3 Qe5+ 11. Be3 a6 12. Qf3 Nf6 13. 0-0-0 Be7 14. Rhe1 Qc7 15. Bb3 0-0 16. Bf4 Qa5 17. g4 Nd7 18. Kb1 Nc5 19. Bc2 Qb6 20. Qh3 g6 21. Qh6 Bf6 22. Be5 Bxe5 23. Rxe5 f5 24. gxf5 exf5 25. Re7 1-0

[Event "CRO-ch (Women)"]
[Site "Pula"]
[Date "1996.??.??"]
[Round "?"]
[White "Bazaj Bockai, Snjezana"]
[Black "Puljek Salai, Zorica"]
[Result "1/2-1/2"]
[WhiteElo "2180"]
[BlackElo "2200"]
[PlyCount "27"]
[EventDate "1996.??.??"]
[EventType "swiss"]
[EventRounds "9"]
[EventCountry "CRO"]
[SourceTitle "EXT 1999"]
[Source "ChessBase"]
[SourceDate "1998.11.16"]
[SourceVersion "1"]
[SourceVersionDate "1998.11.16"]
[SourceQuality "1"]

1. e4 e5 2. Nf3 Nc6 3. Bb5 a6 4. Ba4 Nf6 5. 0-0 Be7 6. Re1 b5 7. Bb3 d6 8. c3 0-0 9. d4 Bg4 10. d5 Na5 11. Bc2 c6 12. dxc6 Nxc6 13. h3 Be6 14. Nbd2 1/2-1/2

[Event "CRO-chT2"]
[Site "Tucepi"]
[Date "1996.??.??"]
[Round "?"]
[White "Masnjak, Rajka"]
[Black "Puljek Salai, Zorica"]
[Result "1/2-1/2"]
[WhiteElo "2035"]
[BlackElo "2200"]
[PlyCount "134"]
[EventDate "1996.??.??"]
[EventType "team"]
[EventRounds "9"]
[EventCountry "CRO"]
[SourceTitle "EXT 1998"]
[Source "ChessBase"]
[SourceDate "1997.11.17"]
[SourceVersion "1"]
[SourceVersionDate "1997.11.17"]
[SourceQuality "1"]

1. d4 d6 2. c4 e5 3. dxe5 dxe5 4. Qxd8+ Kxd8 5. Nf3 f6 6. Nc3 c6 7. e4 Be6 8. Be3 Nd7 9. Be2 Kc7 10. 0-0 a5 11. Rfc1 Bc5 12. Na4 Bxe3 13. fxe3 b6 14. a3 Nh6 15. h3 Nf7 16. Kf2 Nd6 17. Nd2 Nb7 18. b4 axb4 19. axb4 c5 20. b5 Na5 21. Nc3 Ra7 22. Ra4 Rha8 23. Rca1 Kb8 24. Nd5 Nb7 25. Rxa7 Rxa7 26. Rxa7 Kxa7 27. g4 Nd6 28. h4 Kb7 29. Kg3 Nf8 30. Bd3 Nd7 31. Be2 g6 32. Bd3 Kc8 33. Be2 f5 34. gxf5 gxf5 35. Ne7+ Kd8 36. exf5 Nxf5+ 37. Nxf5 Bxf5 38. Bg4 Bd3 39. Be6 Nf6 40. Kf3 Ke7 41. Bh3 Ne8 42. Bf1 Bg6 43. Kg4 Nd6 44. Kg5 Nf7+ 45. Kg4 Kf6 46. Bg2 Nh6+ 47. Kh3 Bd3 48. Bd5 Kf5 49. Kg3 e4 50. h5 Ke5 51. Kh4 Nf5+ 52. Kg5 Nxe3 53. Bg8 h6+ 54. Kxh6 Kf6 55. Kh7 Ng4 56. Kh8 Kg5 57. Bd5 Nf6 58. Kg7 Nxh5+ 59. Kf7 Kf5 60. Ke7 Ke5 61. Kd7 Nf6+ 62. Kc6 Nxd5 63. cxd5 Bxb5+ 64. Kxb5 e3 65. Nf3+ Ke4 66. Ne1 Kxd5 67. Kxb6 e2 1/2-1/2

[Event "CRO-ch (Women)"]
[Site "Pula"]
[Date "1996.??.??"]
[Round "?"]
[White "Puljek Salai, Zorica"]
[Black "Macek, Vlasta"]
[Result "1-0"]
[WhiteElo "2200"]
[BlackElo "2250"]
[PlyCount "91"]
[EventDate "1996.??.??"]
[EventType "swiss"]
[EventRounds "9"]
[EventCountry "CRO"]
[SourceTitle "EXT 1999"]
[Source "ChessBase"]
[SourceDate "1998.11.16"]
[SourceVersion "1"]
[SourceVersionDate "1998.11.16"]
[SourceQuality "1"]

1. e4 e6 2. d4 c5 3. d5 exd5 4. exd5 d6 5. Nf3 Nf6 6. Nc3 b6 7. Bf4 Be7 8. Bb5+ Bd7 9. a4 0-0 10. 0-0 a6 11. Bd3 Re8 12. h3 Bc8 13. Nd2 Bb7 14. Nc4 g6 15. Be2 Qc7 16. Re1 Nbd7 17. Qd3 Rad8 18. Bf3 Bf8 19. Bg5 Rxe1+ 20. Rxe1 Re8 21. Rxe8 Nxe8 22. Qe4 Ndf6 23. Qf4 Bg7 24. Qe3 Bc8 25. Bg4 Bxg4 26. hxg4 Bf8 27. Bh4 Qb8 28. g5 Nd7 29. Bg3 Ng7 30. Ne4 Nf5 31. Qf4 b5 32. axb5 axb5 33. Ncxd6 Nxd6 34. Nxd6 Bxd6 35. Qxd6 Qxd6 36. Bxd6 c4 37. Be7 Kg7 38. f3 f6 39. Kf2 Kf7 40. gxf6 Nxf6 41. d6 Nd7 42. Ke3 Ke6 43. Kd4 h5 44. f4 Nb6 45. Kc5 Na4+ 46. Kc6 1-0

[Event "CRO-chT2"]
[Site "Tucepi"]
[Date "1996.??.??"]
[Round "?"]
[White "Puljek Salai, Zorica"]
[Black "Stanic, Jadranka"]
[Result "1-0"]
[WhiteElo "2200"]
[BlackElo "2075"]
[PlyCount "57"]
[EventDate "1996.??.??"]
[EventType "team"]
[EventRounds "9"]
[EventCountry "CRO"]
[SourceTitle "EXT 1998"]
[Source "ChessBase"]
[SourceDate "1997.11.17"]
[SourceVersion "1"]
[SourceVersionDate "1997.11.17"]
[SourceQuality "1"]

1. e4 c5 2. Nf3 e6 3. d3 Nc6 4. g3 d5 5. Nbd2 Nf6 6. Bg2 Be7 7. 0-0 0-0 8. e5 Nd7 9. Re1 Qc7 10. Qe2 Re8 11. Nf1 f6 12. exf6 Bxf6 13. Ng5 Nf8 14. c3 Qd8 15. h4 Rb8 16. Nh2 g6 17. Ng4 Bg7 18. Qf3 Qe7 19. Bf4 Ra8 20. Qd1 Qd8 21. Nf3 Nd7 22. Nh6+ Kf8 23. Bd6+ Ne7 24. Ng5 Nf6 25. Qf3 Bh8 26. Rxe6 Kg7 27. Qxf6+ Kxh6 28. Nf7+ Kh5 29. Bf3# 1-0